There's plenty for you. (Record no. 12735)

000 -LEADER
fixed length control field 00544nam a2200181 a 4500
001 - CONTROL NUMBER
control field :::00010549$&:&@@
003 - CONTROL NUMBER IDENTIFIER
control field OkBaRHE
005 - DATE AND TIME OF LATEST TRANSACTION
control field 20000607103400.0
008 - FIXED-LENGTH DATA ELEMENTS--GENERAL INFORMATION
fixed length control field s1986 j 000 0 eng u
040 ## - CATALOGING SOURCE
Transcribing agency
100 1# - MAIN ENTRY--PERSONAL NAME
Personal name Osborn, T. L. (Tommy Lee).
245 10 - TITLE STATEMENT
Title There's plenty for you.
260 ## - PUBLICATION, DISTRIBUTION, ETC. (IMPRINT)
Place of publication, distribution, etc Tulsa, OK., :
Name of publisher, distributor, etc OSFO Publishers
Date of publication, distribution, etc c1986
300 ## - PHYSICAL DESCRIPTION
Extent 309 p. : photos ;
Dimensions 18 cm.
650 ## - SUBJECT ADDED ENTRY--TOPICAL TERM
Topical term or geographic name as entry element Christian Life
942 ## - ADDED ENTRY ELEMENTS (KOHA)
Source of classification or shelving scheme
Koha item type Books
Copies
Copy number Shelving location Full call number Barcode Not for loan Price effective from Withdrawn status Permanent Location Date acquired Source of classification or shelving scheme Date last seen Damaged status Koha item type Lost status
1General StacksBV 4501 .O8210549 2010-04-14 RHEMA Bible Training College2010-04-14 2010-04-14 Books